000 01044nam a2200193 4500
005 20251028122049.0
008 251028b |||||||| |||| 00| 0 eng d
020 _a9781119880936
037 _ctextual
040 _aRTL
_cRTL
084 _qRTL
100 _aHitchner, James R.
_9849681
245 _aFinancial valuation: Applications and models
250 _a5th
260 _aNew Jersey
_bJohn Wiley & sons, Inc.
_c2025
300 _axl, 1480 p.
_bIncludes bibliographical reference and index
520 _aA comprehensive guide to the theory and application of valuation, along with useful models, tools, and tips for analysts Financial Valuation: Applications and Models provides authoritative reference and practical guidance on the appropriate, defensible way to prepare and present business valuations. With contributions by 30 top experts in the field, this updated edition provides an essential resource for those seeking the most up-to-date methods, with a strong emphasis on applications and models.
942 _2CC
_n0
_cTEXL
999 _c1465081
_d1465081